Statistics for Countries that Gained Independence From France

Click here to take the quiz!

General Stats

  • This quiz has been taken 17,402 times
  • The average score is 18 of 26

Answer Stats

YearCountry% Correct
1962Algeria
93%
1955Morocco
86%
1960Mali
82%
1960Niger
81%
1960Senegal
81%
1956Tunisia
81%
1960Chad
80%
1958Guinea
77%
1960Mauritania
77%
1960Rep. of the Congo
77%
1960Ivory Coast
75%
1960Cameroon
73%
1960Togo
73%
1960Benin
72%
1960Gabon
68%
1804Haiti
68%
1960Burkina Faso
66%
1960Central African Republic
66%
1953Laos
63%
1953Cambodia
62%
1960Madagascar
57%
1975Comoros
52%
1814Andorra
50%
1943Lebanon
50%
1977Djibouti
49%
1980
Vanuatu
37%

Score Distribution

Percentile by Number Answered

Percent of People with Each Score

Your Score History

You have not taken this quiz